| 000 | 00461cam a22001337a 4500 | ||
|---|---|---|---|
| 008 | 180718b1978 xxu||||| |||| 00| 0 eng d | ||
| 082 | _aK5: XA37 Un3 | ||
| 245 |
_aAd-hoc meeting of expert on a traning programme for the improvement of slums and squatter areas in Urban and rural communities _cby Centre for human settlements |
||
| 260 |
_aLondon _b _c1978 |
||
| 300 | _av.p. | ||
| 650 | _aSlums. | ||
| 650 | _aTraining | ||
| 700 | _aUnited States.Centre for human | ||
| 999 |
_c414365 _d414365 |
||